Fluid mechanics with engineering applications
This book is well known and well respected in the civil engineering market and has a following among civil engineers. This book is for civil engineers that teach fluid mechanics both within their discipline and as a service course to mechanical engineering students. As with all previous editions thi...
Αποθηκεύτηκε σε:
| Κύριος συγγραφέας: | |
|---|---|
| Μορφή: | Βιβλίο |
| Γλώσσα: | Undetermined |
| Έκδοση: |
Boston
McGraw-Hill
2002
|
| Θέματα: | |
| Ετικέτες: |
Προσθήκη ετικέτας
Δεν υπάρχουν, Καταχωρήστε ετικέτα πρώτοι!
|
| Thư viện lưu trữ: | Trung tâm Học liệu Trường Đại học Cần Thơ |
|---|
| LEADER | 01174nam a2200205Ia 4500 | ||
|---|---|---|---|
| 001 | CTU_118986 | ||
| 008 | 210402s9999 xx 000 0 und d | ||
| 020 | |c 140.64 | ||
| 082 | |a 620.106 | ||
| 082 | |b F514 | ||
| 100 | |a Finnemore, E. John | ||
| 245 | 0 | |a Fluid mechanics with engineering applications | |
| 245 | 0 | |c E. John Finnemore, Joseph B. Franzini | |
| 260 | |a Boston | ||
| 260 | |b McGraw-Hill | ||
| 260 | |c 2002 | ||
| 520 | |a This book is well known and well respected in the civil engineering market and has a following among civil engineers. This book is for civil engineers that teach fluid mechanics both within their discipline and as a service course to mechanical engineering students. As with all previous editions this 10th edition is extraordinarily accurate, and its coverage of open channel flow and transport is superior.. . There is a broader coverage of all topics in this edition of Fluid Mechanics with Engineering Applications.. Furthermore, this edition has numerous computer-related problems that can be solved in Matlab and Mathcad. | ||
| 650 | |a Fluid mechanics | ||
| 904 | |i Giang | ||
| 980 | |a Trung tâm Học liệu Trường Đại học Cần Thơ | ||